000 00646nam a2200205Ii 4500
003 JO-AjNU
008 230605s9999||||xx |||||||||||||| ||und||
017 _a1985/11
040 _aJO-AjNU
_bara
_erda
_cJO-AjNU
041 _aara
050 1 4 _aPJ7852.I85 1985
100 3 _aتأليف عيد،دياب,
_eauthor
_97906
245 0 0 _aأسطورة راكبي الخيل: رواية للفتيان
264 3 1 _aدمشق:وزارة الثقافة،1985
300 _a174ص
336 _atext
_btxt
_2rdacontent
337 _aunmediated
_bn
_2rdamedia
338 _avolume
_bnc
_2rdacarrier
650 4 _aالأدب العربي - روايات
_97907
999 _aA516
_c4084
_d4084